Statistics for Movie Title Duos

Click here to take the quiz!

General Stats

  • This quiz has been taken 36,166 times
    (36,041 since last reset)
  • The average score is 16 of 23

Answer Stats

Movie Title % Correct
Romeo + {Juliet}
98%
Batman & {Robin}
97%
Bonnie and {Clyde}
96%
Lilo & {Stitch}
92%
When Harry Met {Sally}...
91%
Starsky & {Hutch}
88%
Thelma & {Louise}
87%
Harold & {Kumar} Go to White Castle
82%
Wallace & {Gromit} in The Curse of the Were-Rabbit
78%
Butch Cassidy and the {Sundance} {Kid}
75%
Fun with Dick and {Jane}
74%
Bill & {Ted}'s Excellent Adventure
73%
I Now Pronounce You Chuck & {Larry}
70%
Turner & {Hooch}
61%
Jay and {Silent} {Bob} Strike Back
56%
Julie & {Julia}
55%
Tango & {Cash}
49%
Zack and {Miri} Make a Porno
48%
Nick and {Norah}'s Infinite Playlist
46%
{Harold} and Maude
42%
Romy and {Michele}'s High School Reunion
40%
Benny & {Joon}
36%
Tucker and {Dale} vs Evil
25%

Score Distribution

Percentile by Number Answered

Percent of People with Each Score

Your Score History

You have not taken this quiz since the last reset